Environmental Policy Stringency and Global Trade: Evidence from 40 Countries

EÚ je považovaná za lídra v prísnej environmentálnej regulácii, čo vyvoláva otázky o tom, ako ambiciózne klimatické politiky interagujú s medzinárodným obchodom. Skúmanie, či vyššia prísnosť environmentálnej politiky ovplyvňuje výkonnosť exportu a dovozu, s využitím panelových údajov pre 40 krajín v...

Descrizione completa

Salvato in:
Dettagli Bibliografici
Autore principale: Smolková, Sára, 1998-
Altri autori: Hrubšová, Andrea, 1999-
Natura: Capitolo di libro
Lingua:inglese
Soggetti:
Tags: Aggiungi Tag
Nessun Tag, puoi essere il primo ad aggiungerne!!

MARC

LEADER 00000naa a2200000 4500
001 0314026
005 20260115091122.9
041 0 |a eng 
044 |a SK 
245 1 0 |a Environmental Policy Stringency and Global Trade: Evidence from 40 Countries  |c Sára Smolková, Andrea Hrubšová 
520 |a EÚ je považovaná za lídra v prísnej environmentálnej regulácii, čo vyvoláva otázky o tom, ako ambiciózne klimatické politiky interagujú s medzinárodným obchodom. Skúmanie, či vyššia prísnosť environmentálnej politiky ovplyvňuje výkonnosť exportu a dovozu, s využitím panelových údajov pre 40 krajín v rokoch 2010 až 2020 a dvoch regresných modelov s fixnými efektmi. Kľúčovými premennými sú index prísnosti environmentálnej politiky, HDP na obyvateľa a výdavky na výskum a vývoj ako podiel na HDP. Výsledky nepreukazujú žiadny významný vplyv prísnosti politiky na export alebo dovoz, zatiaľ čo HDP na obyvateľa je pozitívne spojený s oboma a objemy obchodu sa časom zvyšujú. Dánsko, Švajčiarsko a Francúzsko majú najvyššiu prísnosť politiky, zatiaľ čo Brazília, Indonézia a Južná Afrika zostávajú menej prísne. Celkovo zistenia naznačujú, že prísne environmentálne politiky môžu koexistovať so silnou obchodnou výkonnosťou, hoci obmedzená vzorka krajín a súbor premenných obmedzujú závery. 
610 2 0 |a politika environmentálna 
610 2 0 |a obchod medzinárodný 
610 2 0 |a modely regresné 
610 2 0 |a indexy 
610 2 0 |a produkt domáci hrubý 
610 2 0 |a Európska únia 
100 1 |a Smolková, Sára, 1998- 
700 1 |a Hrubšová, Andrea, 1999-